| 000 | 00416pab a2200157 454500 | ||
|---|---|---|---|
| 008 | 180718b2006 xxu||||| |||| 00| 0 eng d | ||
| 100 | _aErbes, Kristen | ||
| 245 | _aThe promise and pitfalls of consensus decision making in school management | ||
| 260 | _c2006 | ||
| 300 | _ap.827-42. | ||
| 362 | _aJul | ||
| 650 | _aSchools | ||
| 650 | _aDecision making | ||
| 773 | _aReview of Policy Research | ||
| 909 | _a72514 | ||
| 999 |
_c72514 _d72514 |
||